Fraude contra derecho
Uloženo v:
| Hlavní autor: | |
|---|---|
| Médium: | Kniha |
| Jazyk: | španělština |
| Vydáno: |
Madrid
Civitas
2001
|
| Edice: | Monografías Civitas
|
| Témata: | |
| Tagy: |
Přidat tag
Žádné tagy, Buďte první, kdo vytvoří štítek k tomuto záznamu!
|
MARC
| LEADER | 00000nam a2200000 a 4500 | ||
|---|---|---|---|
| 001 | UCN7634 | ||
| 003 | CL-VaPUC | ||
| 008 | 011018e20010000SP |||||||||||||||||spa|d | ||
| 082 | 0 | 4 | |a 364.163 |b LOI |2 21 |
| 100 | |a Lois Estévez, José |e autor |9 463636 | ||
| 245 | 1 | 0 | |a Fraude contra derecho |
| 300 | |a 268 p | ||
| 942 | |c BK | ||
| 945 | |d 20011018 00:00:00 |a vberengu | ||
| 260 | |a Madrid |b Civitas |c 2001 | ||
| 650 | 7 | |a FRAUDE |2 CL-VaPUC |9 258623 | |
| 650 | 0 | |a Delitos |9 224143 | |
| 650 | 7 | |a FRAUDE A LA LEY |2 CL-VaPUC |9 463637 | |
| 583 | |a last modification |c 20011018 00:00:00 |k Rodrigo Vera | ||
| 490 | 0 | |a Monografías Civitas | |
| 999 | |c 297875 |d 297873 | ||
| 952 | |0 0 |1 0 |4 0 |6 364_163000000000000_LOI_2001 |7 0 |8 A |9 352913 |a BIBDER |b BIBDER |d 2019-11-21 |i 3762203 |o 364.163 LOI 2001 |p 3762203 |r 2023-01-25 |w 2019-11-21 |y BK |k DER | ||